2026 NCAA Mens March Madness Sweet Sixteen Teams By Seed - Statistics

General Stats
  • This quiz has been taken 48 times
  • The average score is 14 of 16
Answer Stats
Seed Answer % Correct
1 Duke
100%
1 Arizona
97%
1 Michigan
97%
9 Iowa
95%
11 Texas
92%
2 Iowa State
89%
2 Purdue
89%
2 UConn
89%
3 Illinois
84%
5 St John's
84%
2 Houston
78%
4 Nebraska
78%
6 Tennessee
78%
4 Arkansas
76%
3 Michigan State
76%
4 Alabama
68%
No matching quizzes found
Score Distribution
Percent of People with Each Score
Percentile by Number Answered
Your Score History
You have not taken this quiz